| 000 | 00423nam a22001337a 4500 | ||
|---|---|---|---|
| 999 |
_c129901 _d129901 |
||
| 008 | 190925b ||||| |||| 00| 0 eng d | ||
| 050 | _aS517.A445 P46 1995 | ||
| 100 |
_aNel, Michelle _948306 |
||
| 245 |
_aPeople's workbook _bworking together to change your community _cMichelle Nel |
||
| 260 | _c1995 | ||
| 300 |
_a559p. ; _c31cm. |
||
| 650 |
_aAgriculture _xHandbooks _zAfrica, Southern _948307 |
||
| 942 |
_2lcc _cMONOGRAPH |
||